Организация функций, сообщений и тестов в системе контроля параметров физических установок; Приборы и техника эксперимента; № 3

Bibliografiske detaljer
Parent link:Приборы и техника эксперимента/ Российская академия наук.— , 1956-.— 0032-8162
№ 3.— 2004.— с. 52-60
Hovedforfatter: Басиладзе С. Г.
Andre forfattere: Brenner R.
Sprog:russisk
Udgivet: 2004
Serier:Применение вычислительной техники в эксперименте
Fag:
Format: MixedMaterials Book Chapter
KOHA link:https://koha.lib.tpu.ru/cgi-bin/koha/opac-detail.pl?biblionumber=427329

MARC

LEADER 00000naa2a2200000 4500
001 427329
005 20231101074633.0
035 |a (RuTPU)RU\TPU\prd\86483 
035 |a RU\TPU\prd\28716 
090 |a 427329 
100 |a 20100907a2004 k y0rusy50 ca 
101 0 |a rus 
102 |a RU 
200 1 |a Организация функций, сообщений и тестов в системе контроля параметров физических установок  |f С. Г. Басиладзе, R. Brenner 
225 1 |a Применение вычислительной техники в эксперименте 
320 |a Библиогр.: 5 назв. 
461 1 |0 (RuTPU)RU\TPU\prd\300  |x 0032-8162  |t Приборы и техника эксперимента  |f Российская академия наук  |d 1956- 
463 1 |0 (RuTPU)RU\TPU\prd\86478  |t № 3  |v с. 52-60  |d 2004 
610 1 |a функции 
610 1 |a сообщения 
610 1 |a организация тестирования 
610 1 |a организация 
610 1 |a физические установки 
610 1 |a системы контроля 
610 1 |a контроль параметров 
610 1 |a программное обеспечение 
610 1 |a детекторы 
610 1 |a физика частиц 
610 1 |a тестирование 
610 1 |a каналы регистрации 
610 1 |a экспериментальные установки 
610 1 |a регистрация данных 
610 1 |a структурная иерархия 
610 1 |a транзакция функции 
610 1 |a сбор информации 
610 1 |a сетевые сообщения 
610 1 |a структура сообщений 
675 |a 519.72  |v 3 
675 |a 539.12  |v 3 
700 1 |a Басиладзе  |b С. Г. 
701 1 |a Brenner  |b R. 
801 1 |a RU  |b 63413507  |c 20041008  |g PSBO 
801 2 |a RU  |b 63413507  |c 20100908  |g PSBO 
942 |c BK